[Event "Prague Open 2024 - A IM Open"]
[Site "Olympik hotel, Prague"]
[Date "2024.01.05"]
[Round "1"]
[Board "1"]
[White "Topencik, Bruno"]
[Black "Agdestein, Simen"]
[Result "0-1"]
[WhiteElo "1874"]
[BlackElo "2568"]
[PlyCount "0"]
[EventDate "2024.01.05"]
[EventRounds "9"]
[EventCountry "CZE"]

1. e4 c5 2. Be2 Nc6 3. f4 d5 4. d3 Nf6 5. e5 Nd7 6. Nf3 e6 7. O-O Be7 8. c4 Nb6 9.
Nc3 O-O 10. Bd2 f6 11. exf6 Bxf6 12. Qc2 Bd7 13. Rae1 Be8 14. Nd1 Qd6 15. Nf2 Bg6
16. Qc1 Nd4 17. Bc3 Nxe2+ 18. Rxe2 Bxc3 19. Qxc3 Rxf4 20. Rfe1 Re8 21. Ne5 Bh5 22.
Qd2 Ref8 23. Nh3 R4f6 24. Rf2 Rxf2 25. Nxf2 dxc4 26. Qg5 Rf5 27. Qe3 Nd5 28. Nxc4
Qxh2+ 29. Kxh2 Nxe3 30. Rxe3 Rxf2 31. Re5 Be8 32. Rxc5 Bc6 33. Rg5 h6 34. Rg4 b5
35. Ne5 Bd5 36. b4 Rxa2 37. Kg1 g5 38. Nd7 Kf7 39. Ne5+ Kf6 40. Nd7+ Kf5 41. Rg3
h5 42. Kh1 Kf4 43. Kh2 h4  0-1

[Event "Prague Open 2024 - A IM Open"]
[Site "Olympik hotel, Prague"]
[Date "2024.01.05"]
[Round "1"]
[Board "2"]
[White "Poetsch, Hagen"]
[Black "Stary, Vojtech"]
[Result "1-0"]
[WhiteElo "2471"]
[BlackElo "1873"]
[PlyCount "0"]
[EventDate "2024.01.05"]
[EventRounds "9"]
[EventCountry "CZE"]

1. e4 c5 2. Ne2 e6 3. d4 cxd4 4. Nxd4 Nc6 5. Nc3 Qc7 6. Ncb5 Qb8 7. Bd3 a6 8. Nxc6
bxc6 9. Nd4 Bc5 10. Nb3 Bb6 11. Qg4 Kf8 12. O-O Nf6 13. Qh4 d5 14. e5 Nd7 15. Be3
a5 16. Rae1 Ba6 17. Bxa6 Rxa6 18. f4 Bd8 19. Qh3 a4 20. Nc5 Nxc5 21. Bxc5+ Be7 22.
Bxe7+ Kxe7 23. f5 Qb6+ 24. Kh1 c5 25. Qg3 g6 26. Qh4+ Ke8 27. fxg6 Ra7 28. g7 Rg8
29. Qxh7  1-0

[Event "Prague Open 2024 - A IM Open"]
[Site "Olympik hotel, Prague"]
[Date "2024.01.05"]
[Round "1"]
[Board "14"]
[White "Jun, Rudolf"]
[Black "Platonovs, Nikolajs"]
[Result "1-0"]
[WhiteElo "2283"]
[BlackElo "1852"]
[PlyCount "0"]
[EventDate "2024.01.05"]
[EventRounds "9"]
[EventCountry "CZE"]

1. e4 c5 2. Nf3 d6 3. Bb5+ Bd7 4. Bxd7+ Qxd7 5. O-O Nc6 6. c4 Nf6 7. Re1 g6 8. d4
cxd4 9. Nxd4 Bg7 10. f3 O-O 11. Be3 Rfc8 12. Na3 a6 13. Rc1 Qc7 14. Nxc6 bxc6 15.
Qd2 a5 16. b3 Nd7 17. Nc2 Rcb8 18. Rcd1 Rb7 19. Bg5 Nc5 20. Be3 Na6 21. f4 Rab8 22.
Rb1 Nb4 23. Nd4 Na6 24. Nc2 Nb4 25. a3 Nxc2 26. Qxc2 c5 27. Red1 Rb6 28. e5 dxe5
29. Rd5 exf4 30. Rxc5 Qb7 31. Bf2 e5 32. Rd5 Re6 33. Qd2 Ree8 34. b4 Qc7 35. c5 e4
36. Rd7 Qe5 37. Bd4 e3 38. Bxe5 exd2 39. Bxb8 Re1+ 40. Kf2 Rxb1 41. Rxd2 axb4 42.
Rd8+ Bf8 43. Bd6 bxa3 44. Rxf8+ Kg7 45. Ra8 Rb2+ 46. Kf3 Rb3+  1-0

[Event "Prague Open 2024 - A IM Open"]
[Site "Olympik hotel, Prague"]
[Date "2024.01.06"]
[Round "2"]
[Board "1"]
[White "Agdestein, Simen"]
[Black "Svobodova, Michaela"]
[Result "1-0"]
[WhiteElo "2568"]
[BlackElo "1979"]
[PlyCount "0"]
[EventDate "2024.01.05"]
[EventRounds "9"]
[EventCountry "CZE"]

1. c4 c6 2. e4 d5 3. exd5 cxd5 4. cxd5 Nf6 5. Qa4+ Bd7 6. Qb3 Qb6 7. Nc3 Na6 8. Bxa6
Qxa6 9. Nge2 g6 10. O-O Bg7 11. d4 O-O 12. Bf4 Rfd8 13. Bc7 Rdc8 14. Be5 Rc4 15.
a4 Rd8 16. Rfe1 Rcc8 17. a5 Bf5 18. Nf4 Rd7 19. h3 g5 20. Nfe2 Bd3 21. Ng3 Qc4 22.
Qd1 Nxd5 23. Qg4 Rcd8 24. Bxg7 Kxg7 25. Qxg5+ Kh8 26. Nxd5 Qxd5 27. Qxd5 Rxd5 28.
Rxe7 R8d7 29. Rae1 Rxd4 30. Nh5 Rxe7 31. Rxe7 h6 32. Rxb7 Bg6 33. Nf6 Kg7 34. Ng4
Rd1+ 35. Kh2 Rd2 36. f3 h5 37. Ne5 Kf6 38. Nxg6 fxg6 39. b4 Rb2 40. b5 Kg5 41. a6
h4 42. Rxa7 Rxb5 43. Ra8 Ra5 44. a7 Ra1 45. f4+  1-0

[Event "Prague Open 2024 - A IM Open"]
[Site "Olympik hotel, Prague"]
[Date "2024.01.06"]
[Round "2"]
[Board "2"]
[White "Durana, Jonas"]
[Black "Poetsch, Hagen"]
[Result "0-1"]
[WhiteElo "1977"]
[BlackElo "2471"]
[PlyCount "0"]
[EventDate "2024.01.05"]
[EventRounds "9"]
[EventCountry "CZE"]

1. e4 c5 2. Nc3 e6 3. f4 d5 4. d3 Nc6 5. Nf3 g6 6. g3 Bg7 7. Bd2 Nge7 8. Bg2 O-O
9. Rb1 b6 10. O-O Ba6 11. Re1 d4 12. Ne2 Rc8 13. b3 b5 14. g4 c4 15. b4 c3 16. Bc1
Bb7 17. Ng3 a5 18. Ba3 axb4 19. Bxb4 Nxb4 20. Rxb4 Bc6 21. Ne2 Qb6 22. Qb1 Qa7 23.
Kh1 Rfd8 24. e5 Nd5 25. Nfxd4 Nxb4 26. Qxb4 Bxg2+ 27. Kxg2 Bf8 28. Qxb5 Rxd4 29.
Nxd4 Qxd4 30. Re4 Qd8 31. a4 Rb8 32. Qc4 Qd5 33. Qxc3 Rb4  0-1

[Event "Prague Open 2024 - A IM Open"]
[Site "Olympik hotel, Prague"]
[Date "2024.01.06"]
[Round "3"]
[Board "1"]
[White "Shao, Wenbin"]
[Black "Agdestein, Simen"]
[Result "0-1"]
[WhiteElo "2112"]
[BlackElo "2568"]
[PlyCount "0"]
[EventDate "2024.01.05"]
[EventRounds "9"]
[EventCountry "CZE"]

1. e4 c5 2. Nf3 Nc6 3. d4 cxd4 4. Nxd4 Nf6 5. Nc3 d6 6. Bg5 e6 7. Qd2 a6 8. O-O-O
Be7 9. f3 O-O 10. h4 Nxd4 11. Qxd4 b5 12. Kb1 Qc7 13. h5 h6 14. Be3 Rb8 15. Qd2 b4
16. Ne2 d5 17. e5 Nd7 18. Nd4 Nxe5 19. Bxh6 gxh6 20. Qxh6 Rb6 21. Rh3 Ng4 22. Qd2
e5 23. fxg4 exd4 24. Qxd4 Bf6 25. Qd3 Qe5 26. Qb3 Re8 27. h6 Qe1 28. Qd3 Rbe6 29.
Rh1 Re3  0-1

[Event "Prague Open 2024 - A IM Open"]
[Site "Olympik hotel, Prague"]
[Date "2024.01.06"]
[Round "3"]
[Board "2"]
[White "Poetsch, Hagen"]
[Black "van der Merwe, Alexander"]
[Result "1-0"]
[WhiteElo "2471"]
[BlackElo "2113"]
[PlyCount "0"]
[EventDate "2024.01.05"]
[EventRounds "9"]
[EventCountry "CZE"]

1. e4 c5 2. Nc3 d6 3. Nge2 Nf6 4. g3 g6 5. d4 cxd4 6. Nxd4 Bg7 7. Bg2 O-O 8. O-O
a6 9. h3 Qc7 10. Be3 Nc6 11. Qd2 Ne5 12. b3 Bd7 13. Nd5 Qd8 14. Rad1 Nc6 15. Ne2
Nxd5 16. exd5 Nb8 17. c4 Qc8 18. Kh2 Be8 19. Rc1 Nd7 20. b4 b6 21. Nd4 Qc7 22. Rfe1
Rc8 23. Nc6 Ne5 24. Bxb6 Qxb6 25. Nxe7+ Kh8 26. Nxc8 Qc7 27. f4 Nxc4 28. Rxc4 Qxc4
29. Nxd6  1-0

[Event "Prague Open 2024 - A IM Open"]
[Site "Olympik hotel, Prague"]
[Date "2024.01.07"]
[Round "4"]
[Board "1"]
[White "Agdestein, Simen"]
[Black "Keller, Peter"]
[Result "1-0"]
[WhiteElo "2568"]
[BlackElo "2289"]
[PlyCount "0"]
[EventDate "2024.01.05"]
[EventRounds "9"]
[EventCountry "CZE"]

1. c4 e5 2. Nc3 Nf6 3. Nf3 Nc6 4. e3 Bb4 5. Nd5 e4 6. Ng1 O-O 7. a3 Bd6 8. Qc2 Nxd5
9. cxd5 Ne7 10. Qxe4 c6 11. dxc6 dxc6 12. Qc2 Nd5 13. Nf3 Bg4 14. Be2 Re8 15. h3
Bh5 16. d3 Qe7 17. O-O f5 18. Nd4 Bg6 19. Bd2 Rad8 20. Rfe1 Bb8 21. Bf1 Qd6 22. g3
Kh8 23. Ne2 Bh5 24. e4 Nf6 25. Bf4 Qxd3 26. Qxd3 Rxd3 27. Bxb8 Rxb8 28. g4 Bf7 29.
gxf5 Rd2 30. e5 Nd5 31. b4 a5 32. bxa5 Bh5 33. Ng3 Bf3 34. Rab1 Nc7 35. e6 Kg8 36.
Re3 Bd5 37. Nh5 g6 38. Nf6+ Kg7 39. Nd7 Rc8 40. Rxb7 gxf5 41. Nb6 c5 42. Ra7  1-0

[Event "Prague Open 2024 - A IM Open"]
[Site "Olympik hotel, Prague"]
[Date "2024.01.07"]
[Round "4"]
[Board "2"]
[White "Tobak, Mikhail"]
[Black "Poetsch, Hagen"]
[Result "1-0"]
[WhiteElo "2288"]
[BlackElo "2471"]
[PlyCount "0"]
[EventDate "2024.01.05"]
[EventRounds "9"]
[EventCountry "CZE"]

1. e4 c5 2. Nf3 d6 3. c3 Nf6 4. Bd3 Nc6 5. Bc2 Bg4 6. d3 e6 7. Nbd2 d5 8. Qe2 Qc7
9. h3 Bh5 10. Nf1 Bd6 11. Ba4 Bxf3 12. Qxf3 O-O 13. Bxc6 Qxc6 14. exd5 Qxd5 15. Qxd5
Nxd5 16. g3 Rad8 17. Ne3 Bc7 18. Ke2 Ne7 19. a4 f5 20. Nc4 f4 21. gxf4 Ng6 22. Rg1
Bxf4 23. Be3 Rd5 24. a5 Rh5 25. Rh1 Ne7 26. Nd2 Nc6 27. Ne4 Bxe3 28. fxe3 c4 29.
dxc4 Nxa5 30. c5 Nc6 31. b4 a5 32. b5 Ne5 33. Rxa5 Nd7 34. Ra7 Nxc5 35. Nxc5 Rxc5
36. Rxb7 Rxc3 37. Ra1 Rc2+ 38. Kd3 Rh2 39. Raa7 Rxh3 40. Rxg7+ Kh8 41. b6 Rh1 42.
Rgc7 Rd8+ 43. Ke4 Rh4+ 44. Ke5 Rh5+ 45. Kf6 Re8 46. e4 Rf8+ 47. Rf7 Rh6+ 48. Ke7
Rg8 49. b7 e5 50. Ra8  1-0

[Event "Prague Open 2024 - A IM Open"]
[Site "Olympik hotel, Prague"]
[Date "2024.01.08"]
[Round "5"]
[Board "1"]
[White "Mis, Mieszko"]
[Black "Agdestein, Simen"]
[Result "1-0"]
[WhiteElo "2301"]
[BlackElo "2568"]
[PlyCount "0"]
[EventDate "2024.01.05"]
[EventRounds "9"]
[EventCountry "CZE"]

1. e4 c5 2. Nc3 e6 3. d4 cxd4 4. Qxd4 Nc6 5. Qd3 a6 6. Bf4 Nge7 7. Bd6 Ng6 8. Bxf8
Rxf8 9. O-O-O b5 10. h4 Qc7 11. h5 Nge7 12. Nf3 h6 13. Rh4 f6 14. Qe3 Qa7 15. Qd2
Rf7 16. Kb1 Kf8 17. Rf4 Qb8 18. Rg4 Ra7 19. Nh4 b4 20. Na4 d5 21. Ng6+ Nxg6 22. hxg6
Rfd7 23. Nc5 Rd8 24. Qe2 Re7 25. Rg3 Qb6 26. Na4 Qa5 27. b3 dxe4 28. Rxd8+ Qxd8 29.
Qxe4 Nd4 30. Qa8 Rc7 31. Bc4 Ke7 32. Rd3 e5 33. Nb6 Bb7 34. Qa7 Kf8 35. Rd2 Re7 36.
f4 Be4 37. Qxa6 Qd6 38. fxe5 Rxe5 39. Qc8+ Ke7 40. Rxd4 Qxd4 41. Qc7+ Ke8 42. Bf7+
Kf8 43. Nd7+  1-0

[Event "Prague Open 2024 - A IM Open"]
[Site "Olympik hotel, Prague"]
[Date "2024.01.08"]
[Round "5"]
[Board "6"]
[White "Krstic, Andrija Marko"]
[Black "Eliseev, Sergey"]
[Result "0-1"]
[WhiteElo "2113"]
[BlackElo "2232"]
[PlyCount "0"]
[EventDate "2024.01.05"]
[EventRounds "9"]
[EventCountry "CZE"]

1. d4 d5 2. c4 c6 3. Nc3 Nf6 4. e3 Bf5 5. cxd5 cxd5 6. Qb3 Nc6 7. Qxb7 Bd7 8. Qb3
Rb8 9. Qd1 e5 10. dxe5 Nxe5 11. Nf3 Bd6 12. Be2 Nxf3+ 13. Bxf3 Qc7 14. h3 O-O 15.
O-O Rfd8 16. Qe2 Bh2+ 17. Kh1 Be5 18. Rd1 Bxc3 19. bxc3 Qxc3 20. Bd2 Qa3 21. Be1
Bb5 22. Qd2 Rdc8 23. Rdc1 Bc4 24. Qd4 Rc6 25. Bc3 Rbc8 26. Bb2 Qe7 27. a4 h6 28.
a5 Kh7 29. Bg4 Rg8 30. Bf5+ Kh8 31. Rc2 Ne4 32. Rac1 Nd6 33. Bd3 Ra6 34. Bxc4 dxc4
35. Ba3 Rd8 36. Rd2 Qc7 37. Bb4 Rc6 38. Bc3 f6 39. Qf4 Nf7 40. Rxd8+ Qxd8 41. Qe4
Rc8 42. Qe6 Ng5 43. Qf5 Qe8 44. Bd4 Rc7 45. Qd5 Qc8 46. Rc3 a6 47. Kg1 Ne6 48. Bb6
Rc6 49. Kf1 Nf8 50. Qd8 Qxd8 51. Bxd8 Nd7 52. Ke2 Kg8 53. Rc1 Kf7 54. Rb1 Nc5 55.
Bb6 Nb3 56. Rb2 c3 57. Rc2 Na1 58. Rc1 Nb3 59. Rc2 Na1 60. Rc1 c2 61. Kd3 f5 62.
Bd4 Nb3 63. Rxc2 Nc1+ 64. Kd2 Nb3+ 65. Kd3 Rxc2 66. Kxc2 Nxa5 67. Bc3 Nb7 68. Kb3
g5 69. Kc4 Ke6 70. f3 h5 71. g3 Nd6+ 72. Kc5 a5 73. Bb2 g4 74. hxg4 hxg4 75. fxg4
fxg4 76. Kd4 Kf5 77. Kc5 Ne4+ 78. Kb5 Nxg3 79. Kxa5 Ne4  0-1

[Event "Prague Open 2024 - A IM Open"]
[Site "Olympik hotel, Prague"]
[Date "2024.01.08"]
[Round "5"]
[Board "9"]
[White "Poetsch, Hagen"]
[Black "Tolmacevs, Artjoms"]
[Result "1-0"]
[WhiteElo "2471"]
[BlackElo "1928"]
[PlyCount "0"]
[EventDate "2024.01.05"]
[EventRounds "9"]
[EventCountry "CZE"]

1. e4 c5 2. Nf3 d6 3. d4 cxd4 4. Nxd4 Nf6 5. Nc3 a6 6. Nb3 e6 7. g4 Be7 8. g5 Nfd7
9. h4 b5 10. a3 Bb7 11. Bf4 e5 12. Be3 f5 13. Nd5 f4 14. Bd2 Nb6 15. Ba5 Bxd5 16.
exd5 N8d7 17. Bd3 g6 18. h5 Bxg5 19. hxg6 Qe7 20. Rxh7 Rxh7 21. gxh7 O-O-O 22. Bf5
Kb7 23. Qg4 Bf6 24. O-O-O Bh8 25. Re1 Rf8 26. Bxb6 Nxb6 27. Na5+ Kc7 28. Be4 Nd7
29. Qh3 f3 30. Rg1 Qf6 31. Nb3 Nb6 32. Nd2 Nc4 33. Nxc4 bxc4 34. Rg8 c3 35. Kb1 cxb2
36. Qxf3 Qh6 37. Qc3+ Kd7 38. Bf5+ Rxf5 39. Qc6+ Ke7 40. Qe8+  1-0

[Event "Prague Open 2024 - A IM Open"]
[Site "Olympik hotel, Prague"]
[Date "2024.01.08"]
[Round "5"]
[Board "11"]
[White "Samborski, Henryk"]
[Black "Berin, Artem"]
[Result "0-1"]
[WhiteElo "2079"]
[BlackElo "2327"]
[PlyCount "0"]
[EventDate "2024.01.05"]
[EventRounds "9"]
[EventCountry "CZE"]

1. d4 Nf6 2. Nf3 d5 3. g3 e6 4. Bg2 Be7 5. O-O O-O 6. c4 Nbd7 7. Qc2 a5 8. Rd1 h6
9. Nbd2 c5 10. e4 cxd4 11. e5 Ng4 12. cxd5 exd5 13. Nb3 Ngxe5 14. Nbxd4 Nxf3+ 15.
Nxf3 Nf6 16. Be3 Bg4 17. h3 Bh5 18. Qb3 Qd6 19. Rd4 Rfd8 20. Bf4 Qa6 21. g4 Bg6 22.
Ne5 a4 23. Qd1 Be4 24. Rc1 a3 25. b4 Bxg2 26. Kxg2 Rac8 27. Qb3 Qe2 28. Qxa3 Ra8
29. Qd3 Rxa2 30. Qxe2 Rxe2 31. Nd3 Ne4 32. Kf1 Ra2 33. Rc7 Bf6 34. Be5 Bxe5 35. Nxe5
Rxf2+ 36. Ke1 Rh2 37. Rxf7 Ra8 38. Rf1 Ng3  0-1

[Event "Prague Open 2024 - A IM Open"]
[Site "Olympik hotel, Prague"]
[Date "2024.01.08"]
[Round "5"]
[Board "15"]
[White "Brnusak, Tomas"]
[Black "Bezdek, Tomas"]
[Result "1-0"]
[WhiteElo "2229"]
[BlackElo "2022"]
[PlyCount "0"]
[EventDate "2024.01.05"]
[EventRounds "9"]
[EventCountry "CZE"]

1. e4 e6 2. d4 d5 3. Nc3 Bb4 4. e5 c5 5. Bd2 Ne7 6. a3 Bxc3 7. Bxc3 b6 8. h4 Ba6
9. Bxa6 Nxa6 10. Qe2 Nb8 11. Nf3 Qc7 12. h5 h6 13. a4 Nd7 14. O-O Rc8 15. a5 O-O
16. Rfe1 Nc6 17. g4 cxd4 18. Bxd4 Nxa5 19. c3 Nb3 20. Rad1 Ndc5 21. Kh1 Ne4 22. Be3
Qc4 23. Qc2 f5 24. exf6 Rxf6 25. Ne5 Qc7 26. Ng6 Nbc5 27. Bd4 Rxg6 28. hxg6 Qf4 29.
f3 Qxf3+ 30. Qg2 Rf8 31. Qxf3 Rxf3 32. Kh2 Rf4 33. Rg1 Nf6 34. Rdf1 Rxf1 35. Rxf1
Nxg4+ 36. Kg3 Nf6 37. Bxc5 bxc5 38. Ra1 Kf8 39. Rxa7 Ne4+ 40. Kf4 Ng5 41. Ke5 c4
42. Kd6  1-0